000 006010000a22001690004500
003 MACL
005 20160203123101.0
008 160203b xxu||||| |||| 00| 0 eng d
040 _aMACL
_cMACL
041 _aHindi
082 _a001
245 _aएस एस सी संयुक्‍त स्‍नातक स्‍तर TIER परीक्षा प्रैक्टिस वर्क बुक
260 _aदिल्‍ली
_bकिरण प्रकाशन
_c2013
350 _a235
650 _aएस एस सी परीक्षा
_933784
942 _cHIN
_k001
_2ddc
999 _c47377
_d47377